Anwar salah pilih
| Main Author: | |
|---|---|
| Format: | Book |
| Published: |
Kuala Lumpur :
Penerbitan Pemuda ,
1993
|
| Subjects: |
MARC
| LEADER | 00000cam a2200000 7i4500 | ||
|---|---|---|---|
| 001 | 0000003175 | ||
| 002 | 000003431 | ||
| 005 | 20000330.0 | ||
| 020 | |a 9839982931 | ||
| 090 | 0 | 0 | |a 324.2959 |b AHM |
| 100 | 0 | |a Ahmad Lufti Othman | |
| 245 | 1 | 0 | |a Anwar salah pilih |c Ahmad Lufti Othman |
| 260 | |a Kuala Lumpur : |b Penerbitan Pemuda , |c 1993 | ||
| 300 | |a 240p. : |b ill ; |c 21cm. | ||
| 650 | 0 | 0 | |a Political leadership |z Malaysia |
| 650 | 0 | 0 | |a UMNO |
| 651 | 0 | |a Malaysia |x Politics and government | |
| 999 | |a 036770 |b BUKU |c MALAYSIANA |e PERPUSTAKAAN KOMUNITI PETALING JAYA | ||